000 00619nam a2200229Ia 4500
003 OSt
005 20220928113647.0
006 a|||||r|||| 00| 0
007 ta
008 220927b |||||||| |||| 00| 0 eng d
024 _a41528
037 _cAnnuals, Advances
040 _aSDCL
_cSDCL
_beng
041 _2eng
_aeng
082 _aS2, L5
100 _aMitchell John J
_9434327
245 0 _aAdolescent predicament.
260 _aToronto
_bHolt, Rinehart and Winston of Canada
_c1975
300 _avii,263p.
_ccm.
942 _hS2, L5
_cREF
_2CC
999 _c750673
_d750673